[Event "Sinquefield Cup 3rd"]
[Site "Saint Louis"]
[Date "2015.08.25"]
[Round "3"]
[White "Carlsen, Magnus"]
[Black "Vachier Lagrave, Maxime"]
[Result "1-0"]
[WhiteElo "2853"]
[BlackElo "2731"]
[Annotator "Krasenkow,M"]
[PlyCount "85"]
[EventDate "2015.08.23"]
[EventType "tourn"]
[EventRounds "9"]
[EventCountry "USA"]
[EventCategory "22"]
[SourceTitle "CBM 168"]
[Source "ChessBase"]
[SourceDate "2015.09.14"]

1. Nf3 Nf6 2. c4 g6 3. g3 Bg7 4. Bg2 c5 5. d4 cxd4 6. Nxd4 O-O 7. Nc3 Qc7 {
This provocative continuation is the second popular move in this position after
} (7... Nc6) 8. Nd5 $5 (8. b3 d5 $5 {is Black's main idea seen in a number of
games.}) 8... Qxc4 (8... Nxd5 9. cxd5 Qa5+ 10. Bd2 Qb6 11. Bc3 {leads to a
quiet position with a small edge for White. The text move is sharper but not
enough for equality either.}) 9. Nxe7+ Kh8 10. Nxc8 (10. O-O $143 Nc6 11. Ndxc6
(11. Nxc8 Raxc8 {[%cal Yf8e8]}) 11... dxc6 12. Nxc8 Raxc8 13. b3 Qc3 14. Bd2
Qe5 15. Qe1 Rfe8 16. e3 Ne4 17. Rc1 Rcd8 $132 {1/2 (38) Horvath,P (2458)
-Horvath,C (2565) Hungary 2005}) 10... Rxc8 11. O-O Nc6 {Black's development
advantage doesn't fully compensate for his damaged pawn structure.} 12. Be3
$146 {A simple developing move, enough for keeping a tiny plus. Alternatives:}
(12. Nxc6 $6 dxc6 13. b3 Qc3 14. Bd2 Qe5 15. Rc1 Rd8 16. Rc2 Ne4 $11 {1/2 (60)
Khurtsidze,N (2418)-Lomineishvili,M (2396) Tbilisi 2005}) (12. e3 Nxd4 13. exd4
d5 14. Be3 Rc6 15. Bf3 Rac8 16. Qb3 Qxb3 17. axb3 a6 18. Rfc1 Rxc1+ 19. Rxc1
Rxc1+ 20. Bxc1 Ne4 21. Be3 f5 $11 {1/2 (28) Sargissian,G (2602)-Radjabov,T 
(2667) Moscow 2005}) (12. Nb3 $5 Re8 13. e3 a5 14. Bd2 a4 15. Rc1 Qb5 16. Nc5
$36 (16. Nd4 $6 Nxd4 17. exd4 Qxb2 18. Rc2 Qxd4 19. Qc1 Ne4 $15 {1/2 (37) Wang,
H (2710)-Aronian,L (2797) Beijing 2014})) (12. Nc2 Re8 (12... Ne4 13. Ne3 Qe6
14. Nd5 f5 15. Be3 Qe5 16. Nc3 Nxc3 17. bxc3 Rd8 18. Rb1 b6 19. c4 Rac8 20. Qa4
$16 {1-0 (34) Borovikov,V (2595)-Iskusnyh,S (2472) Pardubice 2005}) 13. Ne3 Qe6
14. Nd5 Nxd5 15. Bxd5 Qxe2 16. Bxf7 Re7 17. Qxe2 (17. Bd5 Nd4 18. Be3 Qxb2 19.
Rb1 Ne2+ 20. Kg2 Nc3 21. Rxb2 Nxd1 22. Rxb7 Nxe3+ 23. fxe3 Rxe3 24. Rxd7 $14 {
1/2 (32) Azaladze,S (2499)-Saric,S (2400) Novi Sad 2014}) 17... Rxe2 18. Rb1
Rf8 19. Bc4 Rexf2 20. Rxf2 Bd4 21. Bf4 g5 22. Kg2 Bxf2 23. Bxg5 Bd4 24. Rd1
Bxb2 25. Rxd7 Ne5 {1/2 (25) Wojtaszek,R (2569)-Fressinet,L (2638) Warsaw 2005}
26. Rd8 $1 $14) 12... Ng4 {Black must deprive White of his bishop pair.} 13.
Nc2 Nxe3 14. Nxe3 Qe6 15. Nd5 Bxb2 16. Rb1 Be5 17. Rxb7 $14 {As a result of
the opening, White has got a small but clear advantage due to his strong d5
knight and the weakness of Black's d7 pawn.} Rab8 18. Rxb8 Rxb8 19. e3 Rb2 20.
a4 Ne7 (20... Nb4 {was more active, and in case of} 21. Nf4 Qe7) 21. Nf4 {
Black is now forced to trade his bishop, and the position simplifies even
further. That gives White more chances than} (21. Nxe7 Qxe7 22. Qd3) 21... Bxf4
22. exf4 {[%cal Ge1e8,Rd1d4] White now wins a pawn as he is threatening
Qd1-d4+.} Qb6 (22... Kg8 23. Qd4 {[%cal Rd4b2,Rd4a7]} Qb6 24. Qxd7) 23. a5 ({
After} 23. Qxd7 Qc5 {White has hardly anything better than} 24. a5) 23... Qc5
24. Qxd7 Ra2 25. Qd3 Kg7 ({Black can recapture the pawn:} 25... Rxa5 {but after
} 26. Qe2 {[%cal Yf1d1] White keeps pressure despite Black's passed pawn. He
controls central files, and his king is safer. Instead, Black decides to
prevent White's activation allowing White to keep his extra pawn.}) 26. a6 h5
27. Bb7 Nf5 28. Qe4 Nd6 29. Qb1 Rd2 30. Qa1+ Kg8 31. Bg2 Nf5 32. Qe5 Qxe5 $6 {
A strange decision to undouble White's pawns and liquidate into a technical
endgame.} (32... Qb6 {was consistent although after} 33. Qc3 $1 Rb2 34. Bd5 {
White activates his bishop and increases his winning chances.}) 33. fxe5 Re2 (
33... Ra2 34. Bb7 Re2 (34... h4 $5) 35. f4 (35. Rd1 $143 Rxe5 36. Rd8+ Kg7 37.
Ra8 Nd6 38. Rxa7 Re7) 35... Ne3 36. Rc1 {, and White should win anyway.}) (
33... h4 $5 34. Rb1 Nd4 35. gxh4 Ne2+ 36. Kh1 Nd4 {was probably the best
chance to get counterplay.}) 34. Rb1 Rxe5 35. Rb7 Re1+ ({Black will be unable
to keep defense on the 7th rank after} 35... Re7 36. Bh3 {as the pawn endgame
after} Kf8 37. Bxf5 gxf5 38. Rxe7 Kxe7 39. Kg2 {is lost, e.g.} Ke6 (39... Kd6
40. Kh3 Kc6 41. Kh4 Kb6 42. Kxh5 Kxa6 43. h4 Kb5 44. Kg5 a5 45. h5 a4 46. h6 a3
47. h7 f6+ $8 48. Kxf5 a2 49. h8=Q a1=Q 50. Qxf6) 40. Kf3 Ke5 41. h3 f4 (41...
Ke6 42. Kf4 Kf6 43. h4 $22) 42. gxf4+ Kf5 43. Ke3 {etc.}) 36. Bf1 h4 37. Rxa7
h3 38. Rd7 Ra1 39. g4 (39. a7 $142 Kg7 40. g4 Nh4 41. f4 Nf3+ 42. Kf2 Nxh2 43.
Bxh3 $18) 39... Nh4 40. Rd3 Ng2 41. Rxh3 Nf4 42. Rf3 g5 43. Rb3 {Black
resigned although White still needed to work a while to convert his material
advantage.} 1-0

[Event "Norway Chess 3rd"]
[Site "Stavanger"]
[Date "2015.06.24"]
[Round "8"]
[White "Carlsen, Magnus"]
[Black "Aronian, Levon"]
[Result "1-0"]
[WhiteElo "2876"]
[BlackElo "2780"]
[Annotator "Szabo,Kr"]
[PlyCount "79"]
[EventDate "2015.06.16"]
[EventType "tourn"]
[EventRounds "9"]
[EventCountry "NOR"]
[EventCategory "22"]
[SourceTitle "CBM 167"]
[Source "ChessBase"]
[SourceDate "2015.07.13"]

1. e4 e5 2. Nf3 Nc6 3. Bb5 a6 4. Ba4 Nf6 5. O-O Be7 6. d3 b5 7. Bb3 d6 8. c3 (
8. a4) ({and} 8. a3 {are the other main variations.}) 8... O-O 9. Re1 Na5 10.
Bc2 c5 11. Nbd2 Nc6 (11... Re8 {is also common.}) 12. Nf1 h6 13. Ne3 {A
logical plan by Carlsen. He would like to control the important d5-square.} (
13. Ng3 {is the other setup.}) 13... Re8 14. a4 Be6 15. d4 ({Last year Adams
played} 15. h3 Bf8 16. Nh2 b4 17. Bb3 Rb8 18. Bc4 bxc3 19. bxc3 d5 20. Bxa6 Qa5
21. Bb5 (21. c4 $6 {A very smart move, but it is too much.} Qxa6 22. exd5 Bxd5
23. cxd5 Nb4 24. Ra3 Nfxd5 $17 {Adams-Caruana, London 2014, and Black has a
wonderful middlegame.}) 21... Rxb5 22. exd5 Nxd5 23. Nc4 Qa8 24. axb5 Qxa1 25.
bxc6 f6 $15 {and Black looks nicely placed too.}) 15... exd4 16. cxd4 Nb4 $146
{Aronian improves on the game which he played 12 years ago.} (16... Nxd4 17.
Nxd4 cxd4 18. Qxd4 Nd7 19. axb5 axb5 20. Bd2 Bf6 (20... Qb6 $5) 21. Qxd6 Rxa1
22. Rxa1 Bxb2 23. Rb1 Be5 24. Qd3 Qc7 25. Nd5 Bxd5 26. exd5 Nf6 27. g3 $14 {
J.Polgar-Aronian, Hoogeveen 2003, with a comfortable position for White.}) 17.
Bb1 bxa4 18. Rxa4 Bf8 19. Ra1 d5 $1 {A typical break-through in this type of
position.} 20. e5 Ne4 21. h3 Qb6 $6 {This is a slight inaccuracy, after which
White can win a P. Nevertheless Black will have some compensation for it, but
he will be fighting for equaliity.} ({After the natural} 21... Rc8 {Black
looks completely fine.}) 22. Nxd5 $1 Bxd5 23. Bxe4 Rad8 24. Bxd5 Rxd5 25. Be3
Red8 26. dxc5 Bxc5 27. Qb3 Bxe3 28. Rxe3 a5 {The previous moves were forced;
Carlsen is a P up, but Black's pieces are powerful.} 29. e6 $5 {Carlsen gives
back the P, and in doing so he creates a weakness in Black's position.} fxe6
30. Rae1 R8d6 31. Rc1 Nd3 $2 {A mistake, which allows a strong attack for
White!} (31... Rd3 $1 $11 {was the easiest reply to simplify the position and
Black doesn't have any problem.}) 32. Rc8+ Kh7 33. Qa4 $1 {A nice
repositioning of the Q. From here the Q can threaten the K with Qe8 and it
also has access to e4 with lethal checks.} Qxb2 $2 {This was an attractive
move, because of the Q attack on f2, and moreover he takes a P. Nevertheless
this is a decisive mistake.} (33... Nb4 {was correct to avoid the Qe4,} 34. Qe8
Rd1+ 35. Kh2 Rd8 36. Rxd8 Rxd8 37. Qh5 Qc7+ {and still Black can hold his
position.}) 34. Qe4+ Rf5 35. Kh2 $3 {What an excellent cool-headed move! White
avoids ...Qxf2+ and is threatening Nh4.} ({The immediate} 35. Nh4 $4 {was bad,
as} Qxf2+ 36. Kh2 Qf4+ $19 {and suddenly Black wins.}) 35... Nf4 {The best
practical chance.} (35... Qxf2 $2 {did not work because of} 36. Rxd3 $18) ({and
} 35... Nxf2 {is also losing, after} 36. Qa8 $1 $18 {with a decisive attack.})
36. Rc2 $4 {A big mistake probably in time trouble.} ({He should simply
continue the original threat with} 36. Nh4 Qxf2 37. Rg3 $1 (37. Nxf5 exf5 38.
Qxf5+ $2 Rg6 $1 {and suddenly Black has an attack on the g-file.}) 37... Rdd5
38. Nxf5 Rxf5 39. Rc7 $18 {and White is winning.}) 36... Qa1 $4 {A huge error
in reply! This move is completely based on an oversight.} (36... Qb4 37. Rc4
Qb8 {is very similar to 36...Qb8!}) (36... Qb8 $1 {was the strongest
continuation,} 37. g3 (37. g4 $2 Ng6 $1 38. gxf5 exf5 $1 $19 {and there isn't
a safe square for the white Q, because the R will win it with a discovered
check.}) (37. Nh4 Rd4 $1 {A very strong intermediate move!} 38. Rc8 $1 (38.
Qxd4 $2 Ne2+ $19 {and Black wins.}) 38... Qxc8 39. Qxd4 Rf6 $15) 37... Nd5 38.
Ree2 Nf6 $15 {and Black is a clear P up.}) 37. g4 $18 {Now White is clearly
winning.} Qf1 38. Ne1 {Perhaps this move was what Aronian missed when he
played 36...Qa1. Now everything is defended and Black is helpless against gxf5.
} ({The careless} 38. Nh4 $4 {loses, because of} Rd1 $19 {and suddenly it is
White who gets mated!}) 38... Nh5 39. gxf5 exf5 40. Qc4 {and Black can't avoid
the exchange of Qs, so he resigned.} 1-0

[Event "Norway Chess 3rd"]
[Site "Stavanger"]
[Date "2015.06.22"]
[Round "6"]
[White "Carlsen, Magnus"]
[Black "Nakamura, Hikaru"]
[Result "1/2-1/2"]
[WhiteElo "2876"]
[BlackElo "2802"]
[Annotator "Krasenkow,M"]
[PlyCount "190"]
[EventDate "2015.06.16"]
[EventType "tourn"]
[EventRounds "9"]
[EventCountry "NOR"]
[EventCategory "22"]
[SourceTitle "CBM 167"]
[Source "ChessBase"]
[SourceDate "2015.07.13"]

1. d4 d5 2. c4 e6 3. Nf3 Nf6 4. Nc3 Be7 5. Bg5 h6 6. Bh4 O-O 7. e3 Ne4 8. Bxe7
Qxe7 9. Rc1 c6 10. Qc2 Nxc3 11. Qxc3 dxc4 {A dubious decision: Black allows
White's bishop to get to c4 in one go.} (11... Nd7 {is more accurate and
common.}) 12. Bxc4 b6 (12... Nd7 13. Be2 $5 Re8 14. O-O e5 15. Rfe1 exd4 16.
exd4 Nf8 17. d5 Bg4 18. h3 Bh5 19. dxc6 bxc6 20. Bf1 Qb7 21. Rxe8 Rxe8 22. Nd4
$16 {1-0 (68) Bischoff,K (2533)-Senff,M (2449) Germany 2006}) 13. O-O {Too
conventional.} (13. Be2 $5 Bb7 14. Ne5 Rc8 15. O-O $142 {as it is not easy for
Black to push ...c6-c5 without concessions:} (15. Bh5 {(Hort) is not very
promising due to} g6 16. Bf3 c5 {as} 17. Bxb7 Qxb7 {[%cal Yb8d7]} 18. Ng4 {
doesn't work:} Qxg2 19. Nf6+ Kg7 20. dxc5 Qxh1+ 21. Ke2 Qxc1 22. Qxc1 Rxc5 $1 (
{but not} 22... Kxf6 $2 23. cxb6 $1 Rxc1 24. b7)) 15... Nd7 (15... c5 16. b4 $5
) 16. Nxd7 Qxd7 17. Qb3 (17. b4 $5) 17... Qe7 (17... c5 {leads to an isolated
pawn}) 18. Bf3 {etc.}) 13... Nd7 {More accurate than} (13... Bb7 14. Ne5 $5 (
14. e4 c5 15. d5 exd5 16. exd5 Nd7 17. Rfe1 Qd6 (17... Qf6 $5 18. Bb5 (18. Ne5
$5) 18... Qxc3 19. bxc3 Nf6 {Hort} 20. c4 a6 21. Bc6 $14) 18. Nh4 $5 g6 $1 (
18... Qf6 19. Qxf6 Nxf6 20. d6 $14 {1-0 (29) Hort,V-Donner,J Wijk aan Zee 1970}
) 19. Qe3 Rfe8 $1 20. Qxh6 Ne5 $132) 14... Nd7 15. Nxd7 Qxd7 16. Be2 $1 Rfc8 (
16... Qe7 17. Bf3 Rac8 18. Qb3 Rc7 19. Qa4 c5 20. Bxb7 Rxb7 21. dxc5 bxc5 22.
b3 $14 {1-0 (41) Frydman,P-Gershman,J Buenos Aires 1939}) 17. b4 (17. Rfd1 Qe7
18. Bf3 c5 19. Bxb7 Qxb7 $11 {1/2 (27) Kieninger,G-Schmidt,P Heidelberg 1949})
17... a5 18. a3 axb4 19. axb4 Qd5 20. Bf3 Qb5 21. Rb1 Ra2 22. Rfc1 $14 {
1-0 (40) Huzman,A (2570)-Ravia,M (2330) Israel 1996}) 14. Rfd1 (14. b4 Bb7 15.
Be2 Rfc8 16. Rfd1 {1/2 (16) Kantsler,B (2455)-Ravia,M (2370) Petah Tiqwa 1996}
a5 $132) 14... Bb7 15. h3 (15. e4 Rfd8 16. Qe3 c5 17. h3 cxd4 18. Nxd4 Rac8 19.
f3 Ne5 $11 {1-0 (36) Sanikidze,T (2426)-Becker,M (2330) Dresden 2007}) 15... c5
$11 {Black has solved his opening problems.} 16. d5 {A harmless attempt.
Black's queenside pawns will not be less strong than White's central pawns,
which are not too advanced.} exd5 17. Bxd5 Bxd5 18. Rxd5 Nf6 19. Rd3 Rad8 20.
Rcd1 Rxd3 21. Qxd3 Rc8 22. a4 c4 23. Qc2 Qe4 24. Nd4 c3 25. Qb3 Qd5 26. Qc2 Qe4
27. Qxe4 Nxe4 28. b3 Nd2 $6 {A risky adventure. It was better to take another
route:} (28... Nc5 $5 {(K.Sakaev)} 29. Kf1 Na6 (29... a5 30. Ke2 Na6 {[%cal
Ya6b4]}) 30. Nc2 Nc5 $11) 29. Rc1 a5 (29... c2 $6 30. b4) 30. Rc2 (30. f3 c2 {
[%cal Yc8c3]}) 30... Nb1 31. Rc1 (31. f3 Na3 32. Rc1 c2 33. Kf2 Rc3 {, and
White can't make progress.}) 31... Nd2 32. Rc2 Nb1 33. Nb5 Kf8 (33... Rd8 34.
Rc1 Rd3 (34... c2 35. Rxc2 Rd1+ 36. Kh2 Nd2 37. Kg3 Nxb3 38. Rc6 {is risky for
Black}) 35. g4 c2 36. Rxc2 Rxb3 37. Rc8+ Kh7 38. Rc6 Rb4 39. Nd6 {, and White
fights on.}) 34. f3 Rd8 35. Nd4 {White could have kept winning chances by
means of} (35. Kf2 $1 Rd2+ 36. Rxd2 cxd2 37. Ke2 Ke7 38. g4) 35... Rc8 36. Rc1
Na3 37. Nc2 Nxc2 38. Rxc2 {White eventually wins the c3-pawn in this rook
ending but Black manages to trade all the queenside pawns, after which a
theoretically drawn endgame arises.} Rc5 39. Kf2 b5 40. axb5 Rxb5 41. Rxc3 g6
42. f4 (42. g4 h5 $1) 42... h5 {It is useful for Black to put his rook pawn
here as it makes his task easier. White's further attempts are absolutely
fruitless.} 43. Rc8+ Kg7 44. Ra8 Rxb3 45. Rxa5 Rb2+ 46. Kf3 Rb3 47. Ra7 Rc3 48.
Re7 Rb3 49. Kg3 Rb2 50. Kf3 Rb3 51. g4 hxg4+ 52. hxg4 Rb1 53. Rd7 Rf1+ 54. Ke4
Rg1 55. g5 Ra1 56. Ke5 Ra3 57. e4 Ra5+ 58. Kd6 Ra6+ 59. Ke5 Ra5+ 60. Rd5 Ra4
61. Rc5 Ra1 62. Rc2 Rf1 63. Rc7 Re1 64. Ra7 Rg1 65. Ra4 Rf1 66. Ra6 Re1 67. Kd4
Rd1+ 68. Ke3 Re1+ 69. Kf3 Rf1+ 70. Kg3 Re1 71. e5 Re3+ 72. Kf2 Rb3 73. Rd6 Ra3
74. Rd8 Rc3 75. Ke2 Ra3 76. Rd3 Ra1 77. Ke3 Re1+ 78. Kd4 Rf1 79. Ke4 Ra1 80.
Rd7 Ra4+ 81. Rd4 Ra5 82. Rc4 Kf8 83. Rc8+ Kg7 84. Rc7 Kf8 85. Kd4 Ra4+ 86. Rc4
Ra5 87. Rc8+ Kg7 88. e6 fxe6 89. Rc5 Ra7 90. Ke5 Rf7 91. Rc4 Rf5+ 92. Kxe6 Kg8
93. Rc8+ Kg7 94. Rc7+ Kg8 95. Rc8+ Kg7 1/2-1/2

[Event "Norway Chess 3rd"]
[Site "Stavanger"]
[Date "2015.06.21"]
[Round "5"]
[White "Carlsen, Magnus"]
[Black "Grischuk, Alexander"]
[Result "1-0"]
[WhiteElo "2876"]
[BlackElo "2781"]
[Annotator "Szabo,Kr"]
[PlyCount "89"]
[EventDate "2015.06.16"]
[EventType "tourn"]
[EventRounds "9"]
[EventCountry "NOR"]
[EventCategory "22"]
[SourceTitle "CBM 167"]
[Source "ChessBase"]
[SourceDate "2015.07.13"]

1. Nf3 c5 2. e4 d6 3. d4 cxd4 4. Nxd4 Nf6 5. Nc3 a6 6. g3 e5 7. Nde2 Be7 8. Bg2
b5 (8... O-O {is the other main line.}) 9. Nd5 {A quite rare move, because
sometimes White delays this N move.} Nbd7 10. Nec3 Bb7 11. a4 Nxd5 $146 {
A novelty by Grischuk.} (11... bxa4 12. Rxa4 O-O 13. O-O Nxd5 14. Nxd5 Bxd5 15.
exd5 f5 16. Qe2 Nc5 17. Rc4 $14 {Mestre Bellido-Colon Garcia, Catalunya 2013,
and White was more comfortable.}) (11... O-O 12. axb5 axb5 13. Rxa8 Bxa8 14.
Nxb5 (14. O-O $5) 14... Bxd5 (14... Nxd5 15. exd5 Qa5+ 16. Nc3 $14 {and White
is a healthy P up.}) 15. exd5 Qa5+ 16. Nc3 Rb8 17. O-O Bd8 18. Kh1 Qb4 19. Qe2
Bb6 20. Nb1 $1 $14 {Lutikov-Magerramov, Moscow 1983.}) 12. Nxd5 Nf6 13. axb5 (
13. Nxe7 $5 {was also an interesting option,} Qxe7 14. axb5 axb5 15. Rxa8+ Bxa8
16. Qd3 $14 {and White has a slight advantage.}) 13... Nxd5 14. exd5 axb5 15.
Rxa8 Qxa8 16. Qd3 O-O 17. O-O ({The greedy} 17. Qxb5 $2 {does not work,
because of} Qa1 18. O-O Ba6 $17 {and Black wins an exchange.}) 17... Bc8 ({
The solid} 17... Qa6 {was also possible.}) 18. Be3 Bd7 19. Rc1 {The start of a
deep plan.} (19. f4 Bf6 $11) 19... h6 20. Qd1 Qb7 21. Ra1 Ra8 22. h4 Ra6 23. b3
Bd8 24. c4 bxc4 25. bxc4 Bb6 26. c5 $1 {The only practical chance! With this
move Carlsen creates complications.} Bxc5 27. Bxc5 dxc5 28. d6 Qb6 (28... Rxa1
$1 {was more accurate,} 29. Qxa1 e4 30. Qe5 Qb1+ 31. Kh2 e3 $1 32. fxe3 c4 $11
{and Black has also a dangerous passed-P.}) 29. Rxa6 Qxa6 30. Bd5 $1 {White's
P on d6 and the weakness on f7 create a slightly uncomfortable position for
Black. With a couple of accurate moves Black should be out of trouble, but in
a practical game, it is always difficult.} Qc8 $2 {A passive retreat.} (30...
Qb6 $1 {was more accurate} 31. Be4 (31. Qh5 Qb1+ $1 {an important resource,}
32. Kg2 Qf5 $11 {with equality.}) (31. Kg2 Be8 $11) 31... c4 32. Qd5 Qb8 33.
Qxe5 c3 $11 {is also drawish.}) 31. Qb3 $1 {Now White exerts some pressure, it
is difficult for Black to find moves.} Be8 32. Qc3 $1 {Another accurate move,
now White gains back a P.} c4 (32... Qf5 $1 {was the best reply,} 33. Qa5 $5 {
A very nice deep move by Mr. Houdini!} (33. Qxc5 g5 $1) 33... Qd7 34. Qxc5 Qb5
{and the passed d-P gives White a slight edge, but Black should hold with
perfect play.}) 33. Bxc4 Bd7 34. Qb3 Qe8 35. Qf3 Kf8 36. h5 $6 (36. Bd5 $1 $16
{was more accurate to avoid Black's counterplay.}) 36... Kg8 $2 {An error in
reply.} (36... e4 $1 {should have played} 37. Qc3 (37. Qe3 Qe5 38. Qb6 e3 $1)
37... e3 $1 38. Qxe3 (38. fxe3 Qe4 $132) 38... Qxe3 39. fxe3 Bc6 $11 {and
Black will survive.}) 37. Qe4 {Now White is fine again.} Bc6 38. Bd5 Bd7 {
Of course Black can't exchange the Bs, because the d-P is decisive.} 39. Kg2
Kh8 {Black can only defend passively.} 40. f4 {A tricky move by Carlsen,
moreover just on move 40! So still Grischuk needs to play 1 move before the
time control.} exf4 $2 {Losing immediately, but it was a difficult situation
especially in time trouble.} (40... f5 41. Qxe5 Qxh5 42. Qe7 Kh7 43. Bf3 (43.
Qxd7 $2 {is bad, because of} Qe2+ $11 {and perpetual checks.}) 43... Qe8 44.
Qxe8 Bxe8 45. Bd5 Bd7 46. Kf3 $18 {should be winning for White.}) (40... f6 $1
{was tougher} 41. fxe5 fxe5 42. g4 (42. Qf3 Qb8) 42... Qc8 {and Black has some
chance to survive.}) 41. Qxe8+ Bxe8 42. Bxf7 $1 $18 {This is the point! Now
Black has no hope left.} Bc6+ 43. Kf2 fxg3+ 44. Kxg3 Bd7 45. Bg6 {and Black
resigned.} (45. Bg6 Kg8 46. Kf4 Kf8 47. Ke5 (47. Bf5 Ba4) 47... Kg8 48. Bf5 Ba4
49. d7 Bxd7 50. Bxd7 {and thanks to the g7-P, Black gets a zugzwang.} Kh7 (
50... Kf7 51. Be6+ Ke7 52. Kf5 $18) 51. Kf5 Kg8 52. Kg6 Kh8 53. Kf7 Kh7 54.
Bf5+ Kh8 55. Kf8 $18) 1-0